| 000 | 00405cam a2200169ua 4500 | ||
|---|---|---|---|
| 020 | _cRs 4.00 | ||
| 041 |
_amal _h |
||
| 082 |
_a949.5 _bTHU/PE |
||
| 100 | _aauThucydides, . | ||
| 245 |
_aPeloponnesian Yuddham / _cThucydides. _hTextual Documents |
||
| 260 |
_aCalicut : _bP.K Brothers , _c1962. |
||
| 300 | _a272 ; . | ||
| 365 | _aRs 4.00 | ||
| 504 | _a | ||
| 942 | _cBK | ||
| 999 |
_c967 _d967 |
||